Statistics for Countries with the Most Internet Users per Capita

Click here to take the quiz!

General Stats

  • This quiz has been taken 23 times
  • The average score is 14 of 20

Answer Stats

%Country% Correct
93.8Singapore
91%
91.1Canada
87%
93.0South Korea
87%
97.8Denmark
83%
96.2Iceland
83%
96.8Luxembourg
83%
94.3Netherlands
83%
90.9Sweden
78%
92.6Taiwan
78%
93.0United Kingdom
78%
90.0Belgium
74%
97.6Norway
74%
98.8Liechtenstein
70%
102.0United Arab Emirates
70%
90.9Spain
61%
104.0Andorra
57%
94.7Bahrain
57%
92.4Saudi Arabia
39%
96.3Brunei
22%
94.9Kosovo
13%

Score Distribution

Percentile by Number Answered

Percent of People with Each Score

Your Score History

You have not taken this quiz